000 00536nam a2200169 i 4500
001 89234
003 ES-MaACL
005 20250813063310.0
007 t|
008 050105s1971 sp ||||1| spa d
100 1 _aLarraz, José,
_d1904-1973
_970328
245 1 0 _aIdealismo y realidad
_b: análisis crítico de las novelas de José Rubén Romero /
_cJosé J. Larraz.
260 _aMadrid :
_bOscar,
_c[1971]
300 _a172 p. :
_b1 retr. aut. ;
_c22 cm.
852 _aES-MaACL
_jE-7293
_bR.91859
999 _c89234
_d89234